Normal view
MARC view
Entry Personal Name
001 - CONTROL NUMBER
- control field: 8913
003 - CONTROL NUMBER IDENTIFIER
- control field: Ke-BoTe
005 - DATE AND TIME OF LATEST TRANSACTION
- control field: 20220726165429.0
008 - FIXED-LENGTH DATA ELEMENTS
- fixed length control field: 220726|| aca||aabn | a|a d
040 ## - CATALOGING SOURCE
- Original cataloging agency: Ke-BoTe
- Transcribing agency: Ke-BoTe
100 ## - HEADING--PERSONAL NAME
- Personal name: Reid E. Stanley
670 ## - SOURCE DATA FOUND
- Source citation: Work cat.: (Ke-BoTe)4374: Reid E. Stanley., Obstetrics for Health Extension officer. /
